Финансово-кредитная политика: противоречия, пути решения (Запись № 427240)

Подробности
000 -МАРКЕР
контрольное поле 02092nam0a2200325 4500
001 - ИДЕНТИФИКАТОР ЗАПИСИ
контрольное поле RU\NLR\bibl\78874
005 - ИДЕНТИФИКАТОР ВЕРСИИ
контрольное поле 20260407054108.0
010 ## - МЕЖДУНАРОДНЫЙ СТАНДАРТНЫЙ НОМЕР КНИГИ (ISBN)
Номер (ISBN) 5-7972-015-8
Тираж 150
021 ## - НОМЕР ГОСУДАРСТВЕННОЙ РЕГИСТРАЦИИ
Код страны Российская Федерация
Номер 1999-49824
Номер Листа государственной регистраци 2472
035 ## - ДРУГИЕ СИСТЕМНЫЕ НОМЕРА
Идентификатор записи (NLR Aleph) 000077001
100 ## - ДАННЫЕ ОБЩЕЙ ОБРАБОТКИ
Данные общей обработки 20000405d1999 |||y0rusy50 ca
101 0# - ЯЗЫК РЕСУРСА
Язык текста, звукозаписи и т.д. русский
102 ## - СТРАНА ПУБЛИКАЦИИ ИЛИ ПРОИЗВОДСТВА
Страна публикации Российская Федерация
105 ## - ПОЛЕ КОДИРОВАННЫХ ДАННЫХ: ТЕКСТОВЫЕ МАТЕРИАЛЫ, МОНОГРАФИЧЕСКИЕ
Кодированные данные о монографическом текстовом документе y |||||||||
200 1# - ЗАГЛАВИЕ И СВЕДЕНИЯ ОБ ОТВЕТСТВЕННОСТИ
Основное заглавие Финансово-кредитная политика: противоречия, пути решения
Сведения, относящиеся к заглавию Тез. докл. и выступлений регион. науч.-практ. конф. студентов и молодых ученых
Первые сведения об ответственности [Редкол.: К.В. Кочмола (отв. ред.) и др.]
210 ## - ПУБЛИКАЦИЯ, РАСПРОСТРАНЕНИЕ И ДР.
Место издания, распространения и т.д. Ростов н/Д
Имя издателя, распространителя и т. д. Изд-во РГЭА
Дата издания, распространения и т.д. 1999
215 ## - ФИЗИЧЕСКАЯ ХАРАКТЕРИСТИКА
Специфическое обозначение материала и объем 127 с.
Размеры 20
300 ## - ОБЩИЕ ПРИМЕЧАНИЯ
Текст примечания В надзаг.: М-во общ. и проф. образования Рос. Федерации, Рост. гос. экон. акад., Фин. ин-т
606 0# - НАИМЕНОВАНИЕ ТЕМЫ КАК ПРЕДМЕТ
Наименование темы Финансово-кредитная система
Формальный подзаголовок Тезисы докладов
Географический подзаголовок Российская Федерация
Системный номер авторитетной/нормативной записи 2125864
Идентификатор авторитетной/нормативной записи RU\NLR\auth\661283190
686 ## - ИНДЕКСЫ ДРУГИХ КЛАССИФИКАЦИЙ
Индекс У26(2)11я431
702 #1 - ИМЯ ЛИЦА - ВТОРИЧНАЯ ОТВЕТСТВЕННОСТЬ
Начальный элемент ввода Кочмола
Часть имени, кроме начального элемента ввода К. В.
Код отношения Редактор
711 12 - НАИМЕНОВАНИЕ ОРГАНИЗАЦИИ - АЛЬТЕРНАТИВНАЯ ОТВЕТСТВЕННОСТЬ
Начальный элемент ввода Региональная научно-практическая конференция студентов и молодых ученых на тему "Проблемы банковского дела в современной России"
Дата проведения временной организации 1999
Место проведения временной организации Ростов-на-Дону
Идентификатор авторитетной/нормативной записи RU\NLR\AUTH\8810024226
Системный номер авторитетной/нормативной записи 546614
711 12 - НАИМЕНОВАНИЕ ОРГАНИЗАЦИИ - АЛЬТЕРНАТИВНАЯ ОТВЕТСТВЕННОСТЬ
Начальный элемент ввода Региональная научно-практическая конференция студентов и молодых ученых на тему "Стабилизация государственных и муниципальных финансов в условиях углубления рыночных реформ"
Дата проведения временной организации 1999
Место проведения временной организации Ростов-на-Дону
Идентификатор авторитетной/нормативной записи RU\NLR\AUTH\8810024227
Системный номер авторитетной/нормативной записи 546615
801 #0 - ИСТОЧНИК ЗАПИСИ
Страна Российская Федерация
Организация NLR
Дата составления 20000405
Правила каталогизации PSBO
801 #1 - ИСТОЧНИК ЗАПИСИ
Страна Российская Федерация
Организация NLR
Дата составления 20000405
852 ## - МЕСТОНАХОЖДЕНИЕ И ШИФР ХРАНЕНИЯ
Идентификатор организации NLR
Шифр хранения (Call Number) 2000-3/1477
942 ## - ДОПОЛНИТЕЛЬНЫЕ ЭЛЕМЕНТЫ ЗАПИСИ (АБИС)
Тип экземпляра АБИС Книга
980 ## - КОЛЛЕКЦИЯ
Название коллекции Национальная библиография
Экземпляры
Тип экземпляра Дата поступления Источник поступления Библиотека постоянного хранения Библиотека текущего хранения Место хранения Шифр хранения Штрих-код Статус экземпляра
Книга 05.04.2000 Контрольный экземпляр из типографии РНБ (Московский) РНБ (Московский) Русский книжный фонд: издания с 1957 года 2000-3/1477 20640  
Книга 07.04.2000 Обязательный экземпляр РНБ (Московский) РНБ (Московский) Русский книжный фонд: издания с 1957 года 2000-3/1477 21507  
Книга 07.04.2000 Обязательный экземпляр РНБ (Московский) РНБ (Московский) Обменный фонд   21508  
Книга 15.05.2005 Дар РНБ (Фонтанка) РНБ (Фонтанка) Юношеский читальный зал Ю У26(2)/Ф-59 1-701630